[Event "FB22 2223 SK Doppelbauer Turm Kiel - El"]
[Site "?"]
[Date "2022.11.13"]
[Round "4.3"]
[White "Margaryan, Susanna"]
[Black "Gressmann, Hanna"]
[Result "0-1"]
[WhiteElo "1422"]
[BlackElo "1877"]
[PlyCount "136"]
[EventDate "2022.??.??"]

1. d4 d5 2. c4 c6 3. Nc3 Nf6 4. cxd5 cxd5 5. Nf3 Nc6 6. Bg5 e6 7. e3 Be7 8. Be2 O-O 9. O-O h6 10. Bh4 a6 11. a3 b5 12. b4 Bb7 13. Qb3 Rc8 14. Rfc1 Qb6 15. Ne5 g5 16. Bg3 Nxe5 17. dxe5 Ne4 18. Nxe4 dxe4 19. Bh5 Rc7 20. Qd1 Rfc8 21. Rxc7 Qxc7 22. h4 Qc3 23. hxg5 hxg5 24. Qe1 Qxe1+ 25. Rxe1 Rc2 26. Ra1 Bd5 27. Bd1 Rb2 28. Kf1 Bc4+ 29. Kg1 Bd8 30. Kh2 Bb6 31. Kh3 Kg7 32. Bh5 a5 33. bxa5 Bxa5 34. Kg4 Be2+ 35. f3 Bd3 36. Kh3 Bb6 37. a4 bxa4 38. Rxa4 Bf1 39. Rxe4 Rxg2 40. Kg4 Ba5 41. Rd4 Be1 42. Kxg5 Bxg3 43. Rg4 Bxe5 44. Rxg2 Bxg2 45. e4 Bh3 46. Kh4 Bf1 47. Kg5 f6+ 48. Kg4 Be2 49. Kh3 Bf4 50. Bg4 e5 51. Kg2 Kh6 52. Kf2 Bc4 53. Kg2 Kg5 54. Kf2 Bd3 55. Bf5 Bd2 56. Bh7 Kf4 57. Bg6 Be3+ 58. Kg2 Bc4 59. Bf5 Bf7 60. Bg4 Bg6 61. Be6 Bh5 62. Bf5 Bxf3+ 63. Kf1 Bxe4 64. Bxe4 Kxe4 65. Ke2 f5 66. Ke1 Kd3 67. Kd1 Bf2 68. Kc1 e4 0-1

[Event "FB22 2223 SK Doppelbauer Turm Kiel - El"]
[Site "?"]
[Date "2022.11.13"]
[Round "4.4"]
[White "Braeutigam, Katerina"]
[Black "Neitzel, Emma"]
[Result "1-0"]
[WhiteElo "1863"]
[BlackElo "1121"]
[PlyCount "37"]
[EventDate "2022.??.??"]

1. e4 d5 2. exd5 Qxd5 3. Nc3 Qa5 4. d4 c6 5. Bc4 Nf6 6. Bd2 Bf5 7. Nf3 Nbd7 8. Qe2 e6 9. d5 cxd5 10. Nxd5 Qd8 11. Nxf6+ Qxf6 12. O-O-O Bc5 13. Bg5 Qg6 14. Rxd7 O-O 15. h4 h6 16. Ne5 Qh7 17. Be7 Bxe7 18. Rxe7 b6 19. g4 1-0

[Event "FB22 2223 Lübecker SV - Hamburger SK I"]
[Site "?"]
[Date "2022.11.13"]
[Round "4.1"]
[White "Kotyk, Valeriya"]
[Black "Kopylov, Luba"]
[Result "0-1"]
[WhiteElo "1717"]
[BlackElo "2032"]
[PlyCount "80"]
[EventDate "2022.??.??"]

1. d4 Nf6 2. Bg5 d5 3. Bxf6 exf6 4. e3 Bd6 5. g3 c6 6. Bg2 Qb6 7. Qc1 Bf5 8. Ne2 Na6 9. a3 Nc7 10. Nd2 Qa6 11. Qd1 Ne6 12. O-O Ng5 13. Nf4 O-O 14. g4 Bd7 15. h4 Bxf4 16. exf4 Ne6 17. Nb3 Qb6 18. f5 Nf4 19. Qd2 Qc7 20. Nc5 Bc8 21. Rfe1 g6 22. fxg6 hxg6 23. f3 Kg7 24. Kf2 b6 25. Nd3 Ne6 26. c3 Ba6 27. Rh1 Rae8 28. Rae1 c5 29. dxc5 bxc5 30. b4 Bxd3 31. Qxd3 Nf4 32. Qd2 c4 33. Bf1 Rxe1 34. Qxe1 a5 35. Qe3 axb4 36. axb4 Ra8 37. Qd2 Ra1 38. Qd4 Nd3+ 39. Kg2 Ra2+ 40. Kh3 Nf4+ 0-1

[Event "FB22 2223 Lübecker SV - Hamburger SK I"]
[Site "?"]
[Date "2022.11.13"]
[Round "4.2"]
[White "Braeutigam, Irina"]
[Black "Harder, Daniella"]
[Result "1-0"]
[WhiteElo "2010"]
[BlackElo "1616"]
[PlyCount "73"]
[EventDate "2022.??.??"]

1. e4 d5 2. exd5 Nf6 3. d4 Nxd5 4. c4 Nb6 5. Nf3 g6 6. Nc3 Bg7 7. c5 Nd5 8. Bc4 Nxc3 9. bxc3 O-O 10. O-O Nc6 11. Re1 e5 12. Bg5 Bf6 13. Bxf6 Qxf6 14. Nxe5 Nxe5 15. Rxe5 b6 16. Qb3 Kg7 17. Rae1 Bb7 18. f3 a6 19. a4 a5 20. Re7 Ba6 21. Bxa6 Rxa6 22. Rxc7 bxc5 23. Rxc5 Rd8 24. Rc7 Rb6 25. Rxf7+ Qxf7 26. Qxb6 Ra8 27. Qe6 Qxe6 28. Rxe6 Rc8 29. Ra6 Rxc3 30. Rxa5 Rd3 31. d5 Kf6 32. Kf2 Rd2+ 33. Kg3 Ke5 34. Rb5 Rd4 35. a5 Ra4 36. h4 h6 37. Rb6 1-0

[Event "FB22 2223 Lübecker SV - Hamburger SK I"]
[Site "?"]
[Date "2022.11.13"]
[Round "4.3"]
[White "Saynajakangas, Kirsi"]
[Black "Mundt, Alexandra"]
[Result "0-1"]
[WhiteElo "1613"]
[BlackElo "1778"]
[PlyCount "102"]
[EventDate "2022.??.??"]

1. d4 g6 2. Bf4 Bg7 3. Nc3 c5 4. d5 d6 5. e4 Nf6 6. Qd2 O-O 7. Bd3 a6 8. a4 Re8 9. Nge2 e6 10. O-O Nh5 11. Bg5 f6 12. Be3 exd5 13. Nxd5 Nc6 14. c4 Ne5 15. f4 Nxd3 16. Qxd3 f5 17. e5 dxe5 18. fxe5 Bxe5 19. Bxc5 Be6 20. Nec3 Qh4 21. g3 Qg5 22. Be3 Qg4 23. Qe2 Qxe2 24. Nxe2 Bxb2 25. Ra2 Bxd5 26. cxd5 Bf6 27. Bb6 Re4 28. Rd1 Rae8 29. Kf1 f4 30. d6 Bd8 31. Bxd8 Rxd8 32. Nxf4 Nxf4 33. gxf4 Rxf4+ 34. Kg2 Rd7 35. Rc2 Rff7 36. a5 Kf8 37. Rc8+ Kg7 38. Rc5 Kf8 39. Rc8+ Kg7 40. Rc5 Rf6 41. Rcd5 Kf7 42. Kg3 h6 43. R1d4 Ke6 44. Kg4 Rf1 45. Rd3 Rf5 46. Rxf5 gxf5+ 47. Kf4 Rxd6 48. Rxd6+ Kxd6 49. Kxf5 Kc6 50. Kg6 b5 51. Kf5 Kd5 0-1

[Event "FB22 2223 Lübecker SV - Hamburger SK I"]
[Site "?"]
[Date "2022.11.13"]
[Round "4.4"]
[White "Zech, Anna"]
[Black "Reich, Kristina"]
[Result "0-1"]
[WhiteElo "1569"]
[BlackElo "1520"]
[PlyCount "40"]
[EventDate "2022.??.??"]

1. e4 c5 2. Nf3 e6 3. d4 cxd4 4. Nxd4 a6 5. Nc3 Qc7 6. Bd3 b5 7. O-O Nf6 8. h3 Bb7 9. Re1 d6 10. Bg5 Be7 11. Qf3 Nbd7 12. Qg3 Nh5 13. Qh4 Nhf6 14. f3 Qc5 15. Be3 Nd5 16. Qh5 Nxe3 17. Qxc5 dxc5 18. Nxe6 fxe6 19. Rxe3 c4 20. Be2 Bc5 0-1

[Event "FB22 2223 Lübecker SV - Hamburger SK I"]
[Site "?"]
[Date "2022.11.13"]
[Round "4.5"]
[White "Garbere, Diana"]
[Black "Boettcher, Elke"]
[Result "1-0"]
[WhiteElo "1592"]
[BlackElo "1722"]
[PlyCount "59"]
[EventDate "2022.??.??"]

1. e4 c5 2. Nf3 Nc6 3. d4 cxd4 4. Nxd4 g6 5. Nc3 Bg7 6. Be3 Nf6 7. f3 O-O 8. Qd2 a6 9. Bh6 Bxh6 10. Qxh6 Nxd4 11. O-O-O Nc6 12. h4 d6 13. g4 Ne5 14. h5 Nxf3 15. hxg6 fxg6 16. g5 Nxg5 17. Qxg5 Rf7 18. e5 Ne8 19. Bc4 Bf5 20. Bxf7+ Kxf7 21. Rxh7+ Ng7 22. Qh6 Qf8 23. exd6 exd6 24. Rf1 Re8 25. Nd5 Rc8 26. c3 Re8 27. Nf4 Kf6 28. Nxg6 Qg8 29. Nh4+ Ke5 30. Rxg7 1-0

[Event "FB22 2223 Lübecker SV - Hamburger SK I"]
[Site "?"]
[Date "2022.11.13"]
[Round "4.6"]
[White "Schnell, Andrea"]
[Black "Lotfifar, Azadeh"]
[Result "1/2-1/2"]
[WhiteElo "1261"]
[BlackElo "1369"]
[PlyCount "34"]
[EventDate "2022.??.??"]

1. d4 e6 2. c4 d5 3. Nc3 Nf6 4. Bg5 Be7 5. e3 O-O 6. Nf3 b6 7. Be2 dxc4 8. Bxc4 Bb7 9. O-O Nbd7 10. Rc1 c5 11. Re1 Rc8 12. Be2 cxd4 13. Nxd4 Ne8 14. Bxe7 Qxe7 15. Bf3 Bxf3 16. Qxf3 Nc5 17. Red1 Qf6 1/2-1/2

[Event "FB22 2223 SV 1920 Hofheim - SK Lehrte"]
[Site "?"]
[Date "2022.11.13"]
[Round "4.1"]
[White "Zschischang, Marine"]
[Black "Mar, Karmen"]
[Result "1/2-1/2"]
[WhiteElo "2081"]
[BlackElo "1938"]
[PlyCount "73"]
[EventDate "2022.??.??"]

1. d4 d5 2. c4 c6 3. cxd5 cxd5 4. Nc3 Nf6 5. Nf3 Nc6 6. Ne5 e6 7. e3 Be7 8. Bd3 Nd7 9. f4 g6 10. O-O f5 11. a3 Nf6 12. b4 Bd7 13. Na4 Rc8 14. Nc5 Bxc5 15. bxc5 O-O 16. Qb3 Rb8 17. Bd2 Qe8 18. Rfc1 Kg7 19. Rab1 h6 20. Rb2 g5 21. Qc3 Ne4 22. Bxe4 fxe4 23. Rcb1 Nxe5 24. dxe5 Bc6 25. Be1 Kh7 26. Bg3 Rd8 27. Qd4 Qe7 28. a4 Rc8 29. a5 a6 30. fxg5 hxg5 31. Rb6 Rf7 32. h3 Qf8 33. Qd1 Qh6 34. Qg4 Qg6 35. Rd1 Qf5 36. Qxf5+ Rxf5 37. Rf1 1/2-1/2

[Event "FB22 2223 SV 1920 Hofheim - SK Lehrte"]
[Site "?"]
[Date "2022.11.13"]
[Round "4.2"]
[White "Tuzi, Bruna"]
[Black "Manusina, Nicole"]
[Result "1/2-1/2"]
[WhiteElo "2053"]
[BlackElo "2031"]
[PlyCount "53"]
[EventDate "2022.??.??"]

1. e4 c5 2. Nf3 d6 3. Bb5+ Bd7 4. Bxd7+ Qxd7 5. O-O e6 6. d4 cxd4 7. Nxd4 Nf6 8. Qe2 Be7 9. Nc3 a6 10. a4 O-O 11. a5 Nc6 12. Nb3 Qc7 13. Be3 Ne5 14. Nd2 Rac8 15. Ra4 Qd7 16. f4 Neg4 17. Nc4 Nxe3 18. Nb6 Qc7 19. Nxc8 Nxf1 20. Rc4 Qd8 21. Nb6 Qb8 22. Kxf1 Rd8 23. Qf3 Nd7 24. Nca4 Bf6 25. c3 g6 26. Qd1 Be7 27. Qf3 1/2-1/2

[Event "FB22 2223 SV 1920 Hofheim - SK Lehrte"]
[Site "?"]
[Date "2022.11.13"]
[Round "4.3"]
[White "Yaghy, Ritta."]
[Black "Buchholz, Maja"]
[Result "1-0"]
[WhiteElo "2008"]
[BlackElo "1695"]
[PlyCount "77"]
[EventDate "2022.??.??"]

1. e4 e6 2. d4 d5 3. exd5 exd5 4. Bd3 Bd6 5. Nc3 c6 6. h3 Ne7 7. Nf3 O-O 8. O-O Bf5 9. Ne5 Qc7 10. Re1 Bxd3 11. Qxd3 Nd7 12. Nxd7 Qxd7 13. a3 Ng6 14. Bd2 f5 15. Na4 b6 16. Bb4 Bxb4 17. axb4 f4 18. Qf3 Rae8 19. Nc3 b5 20. Qg4 Qd6 21. Rxe8 Rxe8 22. Rxa7 f3 23. g3 Re1+ 24. Kh2 Qf6 25. Ra8+ Nf8 26. Qf4 Rf1 27. Qxf6 Rxf2+ 28. Kg1 Rg2+ 29. Kf1 gxf6 30. Rc8 Rxc2 31. Rxc6 Kf7 32. Rc7+ Kg6 33. Nxd5 Rxc7 34. Nxc7 Kf5 35. Kf2 Ke4 36. Nxb5 Nd7 37. Nc3+ Kxd4 38. Kxf3 Ke5 39. Kg4 {Zeit} 1-0

[Event "FB22 2223 SV 1920 Hofheim - SK Lehrte"]
[Site "?"]
[Date "2022.11.13"]
[Round "4.4"]
[White "Barpiyeva, Gulsana"]
[Black "Braje, Monika"]
[Result "1-0"]
[WhiteElo "2016"]
[BlackElo "1772"]
[PlyCount "81"]
[EventDate "2022.??.??"]

1. d4 d5 2. c4 Nf6 3. Nc3 e6 4. e3 Be7 5. Nf3 O-O 6. Bd3 dxc4 7. Bxc4 c5 8. O-O cxd4 9. Nxd4 a6 10. Qf3 Qc7 11. Bb3 Nc6 12. Nxc6 bxc6 13. e4 Bb7 14. Re1 c5 15. h3 Rad8 16. Bf4 e5 17. Bg5 c4 18. Bc2 Qb6 19. Na4 Qc7 20. Rac1 h6 21. Be3 Rc8 22. Nb6 Rcd8 23. Bb1 Bb4 24. Rxc4 Qxc4 25. Nxc4 Bxe1 26. Bxh6 Rfe8 27. Bg5 Re6 28. Qe2 Bb4 29. a3 Be7 30. Bxf6 Bxf6 31. Ba2 Rc6 32. Na5 Rc1+ 33. Kh2 Ba8 34. Bb3 Rdc8 35. Nc4 Rb8 36. Qe3 Rf1 37. Nd6 Rb1 38. Bxf7+ Kf8 39. b4 Rd8 40. Ba2 Rd1 41. Qb3 1-0

[Event "FB22 2223 SV 1920 Hofheim - SK Lehrte"]
[Site "?"]
[Date "2022.11.13"]
[Round "4.5"]
[White "Michalek, Barbara"]
[Black "Rieseler, Caroline"]
[Result "0-1"]
[WhiteElo "1912"]
[BlackElo "2122"]
[PlyCount "72"]
[EventDate "2022.??.??"]

1. d4 Nf6 2. c4 g6 3. Nf3 Bg7 4. Nc3 d5 5. e3 O-O 6. Be2 dxc4 7. Bxc4 c5 8. O-O cxd4 9. Nxd4 Nc6 10. Nxc6 bxc6 11. e4 Qc7 12. f3 Nd7 13. Qc2 Ne5 14. Be2 Be6 15. Na4 Nd7 16. Be3 c5 17. Rac1 Rac8 18. b3 Qa5 19. Kh1 c4 20. bxc4 Nb6 21. Nxb6 axb6 22. Qb3 Rc6 23. Rc2 Rfc8 24. Qb1 b5 25. c5 Rb8 26. Rd1 h5 27. Bd2 Qa3 28. Bb4 Qe3 29. Rd3 Qg5 30. Qd1 Kh7 31. Bd2 Qe5 32. Be3 Qc7 33. f4 Qa5 34. Qc1 b4 35. Bd2 Bxa2 36. Ra3 Qxa3 0-1

[Event "FB22 2223 SV 1920 Hofheim - SK Lehrte"]
[Site "?"]
[Date "2022.11.13"]
[Round "4.6"]
[White "Storkebaum, Ulrike"]
[Black "Thiele, Lea-Marie"]
[Result "1-0"]
[WhiteElo "1772"]
[BlackElo "1257"]
[PlyCount "107"]
[EventDate "2022.??.??"]

1. e4 e6 2. d4 d5 3. exd5 exd5 4. Nf3 Nf6 5. Bd3 Bd6 6. O-O O-O 7. h3 Be6 8. Nbd2 Qd7 9. Ne5 Qc8 10. Kh1 Nc6 11. f4 Nxd4 12. c3 Nf5 13. Ndf3 Ne4 14. Bxe4 dxe4 15. Nd4 Nxd4 16. Qxd4 Bf5 17. Be3 Bxe5 18. Qxe5 Re8 19. Qb5 Bd7 20. Qg5 Qd8 21. Qg3 f5 22. Bd4 g6 23. Rad1 Bb5 24. Rfe1 Qd5 25. Qg5 Qxa2 26. Qf6 Re7 27. Qxe7 Qf7 28. Qe5 Kf8 29. Qh8+ Qg8 30. Qxg8+ Kxg8 31. Be5 c5 32. Rd5 b6 33. Kg1 Re8 34. Kf2 g5 35. g3 h6 36. Ra1 Re7 37. Ke3 Bc4 38. Rd8+ Kf7 39. Rd6 Be6 40. Rad1 b5 41. Rd8 Kg6 42. Bd6 Bb3 43. Bxe7 Bxd1 44. Rxd1 c4 45. h4 g4 46. Rd5 a6 47. Bf8 h5 48. Rd6+ Kf7 49. Bh6 a5 50. Rb6 b4 51. cxb4 axb4 52. Rxb4 Kg6 53. Bg5 Kf7 54. Rxc4 1-0

[Event "FB22 2223 SV Mülheim-Nord - SV 1920 Hof"]
[Site "?"]
[Date "2023.02.19"]
[Round "5.1"]
[White "Kushka, Alena"]
[Black "Engels, Natia"]
[Result "1-0"]
[WhiteElo "2132"]
[BlackElo "2107"]
[PlyCount "113"]
[EventDate "2023.??.??"]

1. d4 Nf6 2. c4 g6 3. Nc3 Bg7 4. e4 d6 5. f4 O-O 6. Nf3 Bg4 7. Be2 Nbd7 8. e5 Ne8 9. h3 Bxf3 10. Bxf3 c5 11. dxc5 Nxc5 12. Be3 Nc7 13. O-O a5 14. Bxc5 dxc5 15. Na4 Ne6 16. Bxb7 Rb8 17. Qxd8 Rfxd8 18. Bd5 Nd4 19. Rf2 e6 20. Bf3 f6 21. Re1 fxe5 22. fxe5 Rbc8 23. Nc3 Rf8 24. Nb5 Nxf3+ 25. gxf3 Rf4 26. b3 Rd8 27. Nd6 Rdf8 28. Kg2 a4 29. Nb7 axb3 30. axb3 R4f5 31. f4 g5 32. Nxc5 Re8 33. Re4 gxf4 34. Rfxf4 Rxe5 35. Rxe5 Bxe5 36. Re4 Bf6 37. Rxe6 Rxe6 38. Nxe6 Kf7 39. Nf4 Bd4 40. Kf3 Kf6 41. Ke4 Bg1 42. b4 Ke7 43. Kd5 Kd7 44. c5 Kc7 45. b5 Kb7 46. Ne6 Bh2 47. Nf8 h5 48. Ke6 Bg1 49. Kd6 h4 50. Ne6 Kc8 51. Kc6 Bh2 52. b6 Bg3 53. b7+ Kb8 54. Nf8 Ka7 55. Nd7 Bb8 56. Nxb8 Kxb8 57. Kd7 1-0

[Event "FB22 2223 SV Mülheim-Nord - SV 1920 Hof"]
[Site "?"]
[Date "2023.02.19"]
[Round "5.2"]
[White "Vogel, Heike"]
[Black "Lauterbach, Ingrid"]
[Result "1/2-1/2"]
[WhiteElo "2129"]
[BlackElo "2010"]
[PlyCount "31"]
[EventDate "2023.??.??"]

1. d4 d5 2. Nf3 c6 3. Bf4 Nf6 4. Nbd2 Nbd7 5. e3 Nh5 6. Bd3 g6 7. Qe2 Nxf4 8. exf4 Nf6 9. Ne5 Bf5 10. O-O Bxd3 11. Qxd3 e6 12. Rfe1 Be7 13. Re3 Nh5 14. Rf3 Bd6 15. Re1 Ng7 16. Qe2 1/2-1/2

[Event "FB22 2223 SV Mülheim-Nord - SV 1920 Hof"]
[Site "?"]
[Date "2023.02.19"]
[Round "5.3"]
[White "Tuzi, Bruna"]
[Black "Limbourg, Marina"]
[Result "1-0"]
[WhiteElo "2025"]
[BlackElo "2030"]
[PlyCount "103"]
[EventDate "2023.??.??"]

1. e4 c5 2. Nf3 e6 3. c3 d5 4. exd5 Qxd5 5. d4 Nf6 6. Be3 cxd4 7. Qxd4 Nc6 8. Qxd5 Nxd5 9. Bg5 f6 10. Bd2 e5 11. Be2 Be6 12. O-O Be7 13. Rd1 g5 14. c4 Nb6 15. b3 g4 16. Ne1 Kf7 17. Be3 Nd7 18. Nc3 f5 19. f3 h5 20. Nb5 Bf6 21. Rac1 Rag8 22. f4 Ke7 23. Nd3 b6 24. Nc7 Rc8 25. fxe5 Ncxe5 26. Nxe6 Nxd3 27. Bxd3 Kxe6 28. Bxf5+ Kxf5 29. Rxd7 Rhe8 30. Rf1+ Kg6 31. Rd6 Rxe3 32. Rdxf6+ Kg7 33. Rf7+ Kg6 34. Rxa7 Rd8 35. Raf7 Rd2 36. R7f6+ Kg7 37. R6f2 Ree2 38. Rxe2 Rxe2 39. Rf5 Kg6 40. Rb5 Rxa2 41. g3 Rc2 42. Rxb6+ Kf5 43. Rh6 Kg5 44. Re6 Rc3 45. Re5+ Kf6 46. Rb5 Rc2 47. c5 Kf5 48. c6+ Ke4 49. Rb4+ Kf3 50. Rf4+ Ke3 51. Rc4 Rb2 52. Rc1 1-0

[Event "FB22 2223 SV Mülheim-Nord - SV 1920 Hof"]
[Site "?"]
[Date "2023.02.19"]
[Round "5.4"]
[White "Kinzel, Tiffany"]
[Black "Barpiyeva, Gulsana"]
[Result "0-1"]
[WhiteElo "1788"]
[BlackElo "2022"]
[PlyCount "72"]
[EventDate "2023.??.??"]

1. d4 Nf6 2. Bg5 d6 3. Nd2 Nbd7 4. e4 c5 5. c3 Qc7 6. f4 h6 7. Bh4 cxd4 8. cxd4 Qa5 9. Qf3 e5 10. d5 exf4 11. Bxf6 Nxf6 12. Qxf4 Be7 13. Ngf3 O-O 14. Bd3 Nh5 15. Qe3 Bd8 16. a3 Bb6 17. Nd4 Bc5 18. Bc2 Nf4 19. Qxf4 Bxd4 20. O-O-O Be5 21. Qf3 b5 22. g4 Qc7 23. h4 Bxg4 24. Qxg4 Rac8 25. Nc4 Qxc4 26. Qg2 Qa2 27. Rdg1 Qxb2+ 28. Kd1 Qa1+ 29. Kd2 Bf4+ 30. Kd3 Qc3+ 31. Ke2 Qe3+ 32. Kf1 Qc1+ 33. Kf2 Rxc2+ 34. Kf3 Qe3+ 35. Kg4 Rxg2+ 36. Rxg2 Qxe4 0-1

[Event "FB22 2223 SV Mülheim-Nord - SV 1920 Hof"]
[Site "?"]
[Date "2023.02.19"]
[Round "5.5"]
[White "Rieseler, Caroline"]
[Black "Hausrath, Michaela"]
[Result "1-0"]
[WhiteElo "2128"]
[BlackElo "1748"]
[PlyCount "113"]
[EventDate "2023.??.??"]

1. e4 c5 2. Nf3 Nc6 3. d4 cxd4 4. Nxd4 Nf6 5. Nc3 e5 6. Ndb5 d6 7. Nd5 Nxd5 8. exd5 Ne7 9. c4 Ng6 10. g3 a6 11. Nc3 f5 12. h4 e4 13. Be2 Ne5 14. Be3 Be7 15. Qd2 Qc7 16. b3 Bd7 17. a4 b6 18. O-O O-O 19. Kg2 Rab8 20. Rac1 Bc8 21. Nb1 Qd7 22. Rh1 Ng4 23. Bf4 Bf6 24. Bxg4 fxg4 25. Qe3 Re8 26. Rhe1 Bb7 27. Nd2 Be5 28. Bxe5 Rxe5 29. Qd4 Rf8 30. Rxe4 Rxe4 31. Nxe4 b5 32. axb5 axb5 33. Ng5 bxc4 34. bxc4 Qf5 35. Re1 h6 36. Ne6 Qf3+ 37. Kg1 Rf7 38. Nd8 Rd7 39. Ne6 Rf7 40. Qe3 Qf6 41. Nf4 Ba6 42. Qe8+ Rf8 43. Qe2 Bc8 44. Ne6 Bxe6 45. Qxe6+ Qxe6 46. Rxe6 Rc8 47. Re4 h5 48. Kf1 Kf7 49. Ke2 Ra8 50. Ke3 Ra3+ 51. Kf4 Rf3+ 52. Kg5 g6 53. Rf4+ Rxf4 54. gxf4 Kg7 55. f5 gxf5 56. Kxf5 Kh6 57. Kf6 1-0

[Event "FB22 2223 SV Mülheim-Nord - SV 1920 Hof"]
[Site "?"]
[Date "2023.02.19"]
[Round "5.6"]
[White "Lebioda-Dette, Kordula"]
[Black "Heymann-Lobzhanidze, Anna-Luise"]
[Result "1-0"]
[WhiteElo "1670"]
[BlackElo "1937"]
[PlyCount "71"]
[EventDate "2023.??.??"]

1. e4 d6 2. Nf3 g6 3. Bc4 Bg7 4. O-O Nf6 5. Re1 O-O 6. d4 Nc6 7. c3 Nxe4 8. d5 Na5 9. Rxe4 f5 10. Rh4 Bf6 11. Bg5 Bxg5 12. Nxg5 e5 13. dxe6 Nxc4 14. Rxc4 Qxg5 15. Rxc7 Bxe6 16. Rxb7 f4 17. Qd4 Rf6 18. f3 Re8 19. Nd2 Bh3 20. Qf2 d5 21. Kf1 Bc8 22. Rxa7 Rfe6 23. Qd4 Qh6 24. Qxd5 Qxh2 25. Ne4 Qh1+ 26. Kf2 Qh4+ 27. Kf1 Rd8 28. Qc4 Kh8 29. Qc7 Qh1+ 30. Kf2 Rd2+ 31. Nxd2 Qh4+ 32. Kf1 Qh1+ 33. Kf2 Qh4+ 34. Kg1 Re1+ 35. Rxe1 Qxe1+ 36. Nf1 1-0

[Event "FB22 2223 SK Doppelbauer Turm Kiel - Lü"]
[Site "?"]
[Date "2023.02.19"]
[Round "5.1"]
[White "Kopylov, Luba"]
[Black "Staerk, Elisa"]
[Result "1/2-1/2"]
[WhiteElo "2024"]
[BlackElo "1914"]
[PlyCount "120"]
[EventDate "2023.??.??"]

1. d4 Nf6 2. Nf3 g6 3. g3 Bg7 4. Bg2 O-O 5. O-O d6 6. c4 Nbd7 7. d5 a5 8. Nc3 Nc5 9. Be3 Bg4 10. Bd4 Rb8 11. Ng5 h6 12. Nge4 Ncxe4 13. Nxe4 Nxe4 14. Bxe4 Bxe2 15. Qxe2 Bxd4 16. Qd2 Bg7 17. Qxa5 Bxb2 18. Rab1 Bg7 19. Rb3 b6 20. Qd2 Qd7 21. Re1 Rfe8 22. Bg2 Ra8 23. Bf1 Qa4 24. c5 Qxa2 25. Qxa2 Rxa2 26. cxd6 cxd6 27. Bb5 Rf8 28. Rxe7 Rb2 29. Rxb2 Bxb2 30. Bc6 Bd4 31. Kg2 g5 32. Kf3 Kg7 33. Re4 Bc5 34. h4 Rb8 35. hxg5 hxg5 36. Bb5 Ra8 37. Kg4 Ra2 38. f3 Rb2 39. Be8 Kf6 40. f4 gxf4 41. Rxf4+ Ke5 42. Rf5+ Ke4 43. Rf4+ Kxd5 44. Bxf7+ Ke5 45. Rf5+ Ke4 46. Rf4+ Ke3 47. Rf3+ Ke2 48. Bc4+ Kd2 49. Kf5 Rc2 50. Rd3+ Ke1 51. Bd5 Rd2 52. Rxd2 Kxd2 53. g4 Bd4 54. Ke6 Be5 55. g5 Kc3 56. g6 b5 57. g7 Bxg7 58. Kxd6 b4 59. Kc5 b3 60. Bxb3 Kxb3 1/2-1/2

[Event "FB22 2223 SK Doppelbauer Turm Kiel - Lü"]
[Site "?"]
[Date "2023.02.19"]
[Round "5.2"]
[White "Rath, Alina"]
[Black "Sickmann, Lisa"]
[Result "0-1"]
[WhiteElo "2074"]
[BlackElo "1844"]
[PlyCount "100"]
[EventDate "2023.??.??"]

1. c4 e5 2. Nc3 Nf6 3. g3 d5 4. cxd5 Nxd5 5. Bg2 Nb6 6. Nf3 Nc6 7. O-O Be7 8. d3 O-O 9. Be3 Be6 10. a3 f6 11. Rc1 Qd7 12. Ne4 Bh3 13. Nc5 Bxc5 14. Bxc5 Bxg2 15. Kxg2 Rfe8 16. Qc2 Rad8 17. Rfe1 Kh8 18. b4 Nd5 19. e3 a6 20. h3 Re6 21. e4 Nde7 22. Red1 b6 23. Be3 Rd6 24. Ne1 Ng6 25. Qc4 Qc8 26. a4 R8d7 27. b5 axb5 28. axb5 Nd4 29. Ra1 Nf8 30. Ra6 Nfe6 31. Rda1 Rd8 32. Ra8 Qxa8 33. Rxa8 Rxa8 34. f4 Nc5 35. g4 h6 36. h4 Ra1 37. Bf2 Rd7 38. h5 Ra4 39. Qc1 exf4 40. Bxd4 Raxd4 41. Qxf4 Rxd3 42. Qf5 R3d4 43. e5 R4d5 44. Nf3 Nd3 45. Kg3 Rd8 46. Nh4 Nxe5 47. Qe6 Rxb5 48. Nf5 Rd3+ 49. Kf2 Rb2+ 50. Ke1 Nf3+ 0-1

[Event "FB22 2223 SK Doppelbauer Turm Kiel - Lü"]
[Site "?"]
[Date "2023.02.19"]
[Round "5.3"]
[White "Mundt, Alexandra"]
[Black "Gressmann, Hanna"]
[Result "0-1"]
[WhiteElo "1782"]
[BlackElo "1909"]
[PlyCount "128"]
[EventDate "2023.??.??"]

1. g4 d5 2. Bg2 c6 3. h3 e5 4. Nf3 Bd6 5. d3 Ne7 6. c4 Nd7 7. Nc3 d4 8. Ne4 Bb4+ 9. Kf1 Ng6 10. Bg5 Be7 11. Nd6+ Kf8 12. Qd2 h6 13. Bxe7+ Qxe7 14. Nf5 Qf6 15. e3 dxe3 16. Qxe3 b6 17. Re1 Bb7 18. Nd2 Nf4 19. Ne4 Nxg2 20. Kxg2 c5 21. f3 Bxe4 22. Qxe4 Rd8 23. Qb7 g6 24. Ng3 Kg7 25. Rhf1 Qd6 26. Qe4 Rhe8 27. Rd1 Nf8 28. Qe2 Ne6 29. Qc2 Nf4+ 30. Kh2 Re7 31. Ne4 Qc6 32. Rf2 Red7 33. Rfd2 Ne6 34. Qc3 Nd4 35. Rf2 Qc7 36. Kg1 Ne6 37. h4 Nf4 38. Rfd2 Rxd3 39. Qc2 R3d4 40. g5 h5 41. Nf6 Qd6 42. Rxd4 exd4 43. Qe4 Ne6 44. Kg2 Qf4 45. Qxf4 Nxf4+ 46. Kg3 Ne6 47. Rd3 Nc7 48. f4 Ne8 49. Nd5 Nd6 50. b3 b5 51. Ne7 Rd7 52. f5 Ne4+ 53. Kf4 Rxe7 54. f6+ Nxf6 55. gxf6+ Kxf6 56. cxb5 Re2 57. b4 cxb4 58. Rxd4 Rf2+ 59. Kg3 Rxa2 60. Rxb4 Kf5 61. Rf4+ Ke6 62. Rb4 Ra3+ 63. Kf4 Rh3 64. Re4+ Kf6 0-1

[Event "FB22 2223 SK Doppelbauer Turm Kiel - Lü"]
[Site "?"]
[Date "2023.02.19"]
[Round "5.5"]
[White "Zech, Anna"]
[Black "Willrodt, Sonja"]
[Result "0-1"]
[WhiteElo "1546"]
[BlackElo "1830"]
[PlyCount "56"]
[EventDate "2023.??.??"]

1. e4 e5 2. Nf3 d6 3. d4 exd4 4. Nxd4 Nf6 5. Bg5 Be7 6. Nc3 Nxe4 7. Nxe4 Bxg5 8. Bb5+ c6 9. Bd3 d5 10. Nxg5 Qxg5 11. Qe2+ Kd8 12. O-O Re8 13. Qf3 Nd7 14. Qxf7 Ne5 15. f4 Qxg2+ 16. Kxg2 Nxf7 17. Bxh7 Nd6 18. Rfe1 Rf8 19. Rf1 Rh8 20. Rfe1 Rxh7 21. Re5 Bh3+ 22. Kg3 Ne4+ 23. Kf3 Kd7 24. Rg1 Re8 25. Rg6 Bf1 26. Nf5 Rh3+ 27. Kg4 Nf6+ 28. Kg5 Rh5# 0-1

[Event "FB22 2223 Hamburger SK II - Elmshorner S"]
[Site "?"]
[Date "2023.02.19"]
[Round "5.1"]
[White "Falke, Ornella"]
[Black "Rogozenco, Ileana"]
[Result "0-1"]
[WhiteElo "1967"]
[BlackElo "2035"]
[PlyCount "70"]
[EventDate "2023.??.??"]

1. e4 c5 2. Nf3 e6 3. d4 cxd4 4. Nxd4 a6 5. Bd3 g6 6. O-O Bg7 7. Be3 d6 8. Nc3 Nf6 9. Qe2 O-O 10. Rad1 Qc7 11. h3 Nbd7 12. Nb3 b5 13. a4 b4 14. Na2 Rb8 15. Bd2 a5 16. Nd4 Nc5 17. Nb5 Qe7 18. c3 b3 19. Nc1 Bb7 20. Rfe1 Nxa4 21. Bg5 Nc5 22. f4 Bxe4 23. Bxe4 Ncxe4 24. Nxb3 d5 25. N3d4 Qc5 26. b4 axb4 27. cxb4 Qb6 28. Rc1 Rfc8 29. Rxc8+ Rxc8 30. Kh2 Nxg5 31. fxg5 Ne4 32. Rd1 Be5+ 33. Kg1 Rc4 34. Qe3 Rxb4 35. Rc1 Bxd4 0-1

[Event "FB22 2223 Hamburger SK II - Elmshorner S"]
[Site "?"]
[Date "2023.02.19"]
[Round "5.2"]
[White "Hubert, Charlotte"]
[Black "Fock, Sana"]
[Result "1-0"]
[WhiteElo "1793"]
[BlackElo "1788"]
[PlyCount "51"]
[EventDate "2023.??.??"]

1. d4 d5 2. c4 dxc4 3. e3 Nf6 4. Bxc4 e6 5. Nf3 c5 6. Nc3 a6 7. Bb3 Nc6 8. O-O Be7 9. a3 O-O 10. dxc5 Bxc5 11. Qe2 Qc7 12. Bc2 b5 13. b4 Be7 14. Bb2 Rd8 15. Ne4 e5 16. Rac1 Be6 17. Nxe5 Nd7 18. Nxc6 Qxc6 19. Nf6+ Kh8 20. Qh5 Nf8 21. Nxh7 Rd5 22. Ng5+ Kg8 23. Bh7+ Kh8 24. Bg6+ Kg8 25. Bxf7+ Bxf7 26. Qxf7+ 1-0

[Event "FB22 2223 Hamburger SK II - Elmshorner S"]
[Site "?"]
[Date "2023.02.19"]
[Round "5.3"]
[White "Margaryan, Susanna"]
[Black "Garny, Annica"]
[Result "1-0"]
[WhiteElo "1432"]
[BlackElo "1713"]
[PlyCount "57"]
[EventDate "2023.??.??"]

1. Nf3 Nf6 2. c4 g6 3. d4 Bg7 4. Nc3 O-O 5. e4 d6 6. Be2 Nbd7 7. O-O e5 8. d5 Nc5 9. Qc2 Nh5 10. b4 Na6 11. Rb1 c5 12. a3 f5 13. exf5 Bxf5 14. Bd3 Bxd3 15. Qxd3 Nf4 16. Bxf4 exf4 17. Ne4 b6 18. Neg5 Nc7 19. Rfe1 Re8 20. bxc5 bxc5 21. Re4 Qf6 22. Ne6 Nxe6 23. dxe6 Rad8 24. Rbe1 Re7 25. Qd5 Kh8 26. Ne5 dxe5 27. Qxd8+ Qf8 28. Qxf8+ Bxf8 29. Rxe5 1-0